000 00460nam a22001457a 4500
003 SGT
082 _a616.024
_bA23M
100 _aMALI, KIRIT
245 _aA COMPARISON OF TWO STANDARD QUESTIONNAIRS BERLIN QUESTIONNAIRS AND EPWORTH SLEEPINESS SCORE IN SUSPECTED CASES OF OBSTRUCTIVE SLEEP APNEA CONFIRMED BY POLYSOMNOGRAPHY
260 _aGURUGRAM
_bSGT UNIVERSITY
_c2023
300 _a83
650 _aRESPIRATORY MEDICINE
653 _aM.D
942 _2ddc
_cTH
999 _c26587
_d26587